History Quiz

Random History or War Quiz

World War I and After Effects Quiz Stats

Quiz not verified by Sporcle

Challenge
Share
Tweet
Embed
Score 0/50 Timer 10:00
0 Plays Today
Hint Answer % Correct
American President _______Woodrow Wilson
90%
Tsar _________Nicholas
88.5%
Triple Entente: England, France, and ______Russia
87.7%
Kaiser ________Wilhelm
87.7%
Treaty of _______ (ended WWI)Versailles
87.7%
The Western Front was fought primarily in this countryFrance
85.4%
Murdered along with his wife, heir to Austrian throneFranz Ferdinand
82.3%
Three Emperors' League: Austria-Hungry, Russia, and ______Germany
81.5%
Took over Russia as dictator ('man of steel')Stalin
80.8%
________ warfare (during WWI)trench
77.7%
Mein Kampf authorHitler
77.7%
Wilson's _______ PointsFourteen
77.7%
Country of assassin of Archduke of AustriaSerbia
77.7%
Revolutionist snuck into Russia by GermanyLenin
76.2%
Lenin's right hand man, eventually assassinatedTrotsky
72.3%
Central Powers vs. the ______Allies
72.3%
League of ______Nations
71.5%
The ________ Plan (German)Schlieffen
70.8%
Germans marched through ______ to get to France while following the Schlieffen PlanBelgium
70.8%
Anti-_____ (dislike of Jews)Semitism
70%
________ Empire collapsed (sick man of Europe)Ottoman
70%
Took over Russia during the revolution, communistsBolsheviks
66.9%
Opposed the Bolsheviks (the _____ Army/Russians)White
66.2%
Versailles Treaty: England's David Lloyd _____George
63.1%
Joined the Allies after Russia leftUnited States
63.1%
Hint Answer % Correct
Fascist leaderMussolini
61.5%
German submarines sunk the ______ which caused the death of 118 AmericansLusitania
61.5%
______ Shirts (SA)brown
60.8%
Unintended Consequence: Russian ______revolution
60.8%
Russian Revolution slogan 'Peace, Land, ____'bread
55.4%
Only successful democracy in eastern EuropeCzechoslovakia
54.6%
War _____ Clause (blamed Germany for WWI)guilt
53.8%
Planner of the Battle of Gallipoli (British)Winston Churchill
53.1%
What Germany had to pay to the Alliesreparations
52.3%
Cause: (colonies)imperialism
51.5%
Cause: _______ SystemAlliance
50%
Unintended consequence: Spanish ______Influenza
48.5%
All (but 1) eastern European democracies turned into ______dictatorships
48.5%
Fascism rose out of hatred for this economic policycommunism
48.5%
_______ Republic (controlled Germany after war)Weimar
46.9%
National Socialist German Worker's Party nicknameNazis
46.9%
Beer Hall ______ (led by Hitler and Ludendorff)Putsch
46.2%
Unintended Consequence: Modern ______ (middle east)terrorism
44.6%
Versailles Treaty: France's Georges ______Clemenceau
42.3%
The end of the Liberal Party gave rise to the ______ partyLabour
40.8%
_____ Entente (France alliance with new democratic states)Little
33.1%
French invasion of the ______ (Germany)Ruhr
32.3%
The _____ Plan (by America for Germany)Dawes
28.5%
_______ Accord (agreement between pope and Mussolini)Lateran
27.7%
_______ Agreements (Germany back in European politics)Locarno
20.8%

You're not logged in!

Compare scores with friends on all Sporcle quizzes.
Join for Free
OR
Log In

You Might Also Like...

Show Comments

Extras

Created Mar 21, 2015ReportNominate
Tags:War Quiz, World Quiz, effect

Top Quizzes Today


Score Distribution

Your Account Isn't Verified!

In order to create a playlist on Sporcle, you need to verify the email address you used during registration. Go to your Sporcle Settings to finish the process.

Report this User

Report this user for behavior that violates our Community Guidelines.

Details: